| 000 | 00580nam a2200229Ia 4500 | ||
|---|---|---|---|
| 003 | OSt | ||
| 005 | 20220924134634.0 | ||
| 006 | a|||||r|||| 00| 0 | ||
| 007 | ta | ||
| 008 | 220923b |||||||| |||| 00| 0 urd d | ||
| 024 | _a283592 | ||
| 037 | _cTextual | ||
| 040 |
_aARTS _cARTS _burd |
||
| 041 |
_2urd _aurd |
||
| 082 | _aO168,1w2.N1, E1;L3.1-.5 | ||
| 100 |
_aSriram _9208898 |
||
| 245 | 0 | _aKhamkhana-e-Jawed | |
| 260 | _c1911 | ||
| 650 | _aURDU LITERATURE | ||
| 942 |
_hO168,1w2.N1, E1;L3.1-.5 _cTEXL _2CC |
||
| 999 |
_c438105 _d438105 |
||